Statistics for 1M+ Cities By Letter On A Map - P

Click here to take the quiz!

General Stats

  • This quiz has been taken 187 times
  • The average score is 13 of 18

Answers on the Map

Answers color-coded by a green-red scale on the quiz's map according to % correct below.
 

Answer Stats

PopulationCity% Correct
2,138,551Paris
97%
1,567,442Philadelphia
96%
1,896,548Perth
95%
1,563,025Phoenix
95%
1,234,742Port-Au-Prince
93%
1,165,581Prague
93%
1,619,438Pretoria
93%
3,222,000Pyongyang
92%
1,573,544Phnom Penh
86%
1,372,741Porto Alegre
80%
2,935,744Pune
76%
1,434,062Puebla
62%
1,148,665Port Harcourt
60%
1,218,773Peshawar
51%
1,599,920Patna
42%
1,441,500Palembang
36%
1,284,606Pimpri
7%
3,590,000Puyang
5%

Score Distribution

Percentile by Number Answered

Percent of People with Each Score

Your Score History

You have not taken this quiz